000 00603nam a2200229Ia 4500
003 OSt
005 20221005122008.0
006 a|||||r|||| 00| 0
007 ta
008 221004b |||||||| |||| 00| 0 eng d
024 _a37108
037 _cTextual
040 _aCRL
_cCRL
_beng
041 _2eng
_aeng
082 _aO:a2:N5, K5
100 _aJain Sushil Kumar Co.
_9631335
245 0 _aIndian literature in English
_b A bibliography
260 _c1965
650 _aENGLISH LITERATURE
942 _hO:a2:N5, K5
_cTEXL
_2cc
999 _c1042940
_d1042940